Normal view
MARC view
- Nuclear Politics
Entry Topical Term
001 - CONTROL NUMBER
- control field: 106096
003 - CONTROL NUMBER IDENTIFIER
- control field: NUST
005 - DATE AND TIME OF LATEST TRANSACTION
- control field: 20221227165936.0
008 - FIXED-LENGTH DATA ELEMENTS
- fixed length control field: 221227|| aca||aabn | a|a d
040 ## - CATALOGING SOURCE
- Original cataloging agency: NUST
- Transcribing agency: NUST
150 ## - HEADING--TOPICAL TERM
- Topical term or geographic name entry element: Nuclear Politics
670 ## - SOURCE DATA FOUND
- Source citation: Work cat.: (NUST)185658: Gerson da Costa 79825, Nuclear Politics :, 2000
